DIFFERENTIAL CALCULUS : AN INTRODUCTION TO ANALYSIS (Record no. 14033)
[ view plain ]
| 000 -LEADER | |
|---|---|
| fixed length control field | 00414cam a2200169ua 4500 |
| 008 - FIXED-LENGTH DATA ELEMENTS--GENERAL INFORMATION | |
| fixed length control field | 060101n II |||gr||||Z||||||eng |
| 040 ## - CATALOGING SOURCE | |
| Original cataloging agency | MAIN |
| 041 ## - LANGUAGE CODE | |
| -- | English |
| 082 ## - DEWEY DECIMAL CLASSIFICATION NUMBER | |
| Classification number | 515.33 GHO |
| 100 ## - MAIN ENTRY--PERSONAL NAME | |
| Personal name | GHOSH , R . |
| 245 ## - TITLE STATEMENT | |
| Title | DIFFERENTIAL CALCULUS : AN INTRODUCTION TO ANALYSIS |
| 250 ## - EDITION STATEMENT | |
| Edition statement | REP. |
| 260 ## - PUBLICATION, DISTRIBUTION, ETC. | |
| Place of publication, distribution, etc. | KOLKATA: |
| Name of publisher, distributor, etc. | NEW CENTRAL BOOK, |
| Date of publication, distribution, etc. | 2008. |
| 700 ## - ADDED ENTRY--PERSONAL NAME | |
| Personal name | MAITY , K.C . |
| 942 ## - ADDED ENTRY ELEMENTS (KOHA) | |
| Koha item type | Books |
| Withdrawn status | Lost status | Damaged status | Not for loan | Collection code | Home library | Current library | Shelving location | Date acquired | Full call number | Barcode | Date last seen | Copy number | Price effective from | Koha item type | Public note |
|---|---|---|---|---|---|---|---|---|---|---|---|---|---|---|---|
| TBMAT | Central Library and Information Centre Sibsagar Girls College | Central Library and Information Centre Sibsagar Girls College | MATHEMATICS BOOK RACK | 08.04.2007 | 515.33 GHO | 22822 | 27.02.2020 | 1 | 27.02.2020 | Books | V | ||||
| TBMAT | Central Library and Information Centre Sibsagar Girls College | Central Library and Information Centre Sibsagar Girls College | MATHEMATICS BOOK RACK | 08.04.2007 | 515.33 GHO | 22823 | 27.02.2020 | 2 | 27.02.2020 | Books | V |